000
00233 a2200109 4500
003
Nust
005
20170207154224.0
040
_c
Nust
082
_a
371.33
245
_a
Most Wanted (VHS-157)
440
_a
Most Wanted (VHS-157)
538
_a
Duration in Minutes-100
999
_c
195497
_d
195497